000
00465nam a2200133Ia 4500
008
100328s9999 xx 000 0 und d
082
_b
60002
100
_a
मराठे रमा.
245
_a
स्वभावाला औषा आहे.
260
_b
मेहता पब्लिशिंग हाऊस.
630
_a
स्वभावाला औषा आहे.
730
_a
स्वभावाला औषा आहे.
942
_c
BOOK
999
_c
546175
_d
546172